Score 0/16 Timer 05:00
0 Plays Today
Before Hint Answer % Correct
Appliance for bakingOven -> Coven
81.4%
Form of 'be'Are -> acre
77.3%
Huck Finn's transportRaft -> Craft
61.4%
Charged particleIon -> Icon
57.3%
A great pileHeap -> Cheap
48%
Young horseFoal -> Focal
44.7%
Directed or transmittedSent -> Scent
43%
Simple mathAddition -> Addiction
41.8%
Before Hint Answer % Correct
Valid, correctTrue -> Truce
41.4%
Excessively dryArid -> Acrid
41.2%
Way of Lao-tzuTao -> Taco
38.7%
Open, unconcealedOvert -> Covert
27.9%
Color or hueTint -> Tinct
21%
Passage or trackLane -> Lance
20.2%
Analyze grammaticallyParse -> Parsec
17.7%
Position in a groupRank -> Crank
15.2%
Remove Ads.
Support Sporcle.
Get the best of Sporcle when you Go Orange. This ad-free experience offers more features, more stats, and more fun while also helping to support Sporcle. Thank you for becoming a member.

You're not logged in!

Compare scores with friends on all Sporcle quizzes.
OR
Log In

Sporcle TV

Today on Sporcle TV


Watch our educational content, quiz creation guides, and fun videos on Sporcle TV.

Show Comments

Extras

Top Quizzes Today


Score Distribution

Paid Content

Your Account Isn't Verified!

In order to create a playlist on Sporcle, you need to verify the email address you used during registration. Go to your Sporcle Settings to finish the process.

Report this User

Report this user for behavior that violates our Community Guidelines.

Details: